| 000 | 00529nam a22001697a 4500 | ||
|---|---|---|---|
| 005 | 20260318113145.0 | ||
| 008 | 260318b |||||||| |||| 00| 0 eng d | ||
| 020 | _a978-93-5025-363-2 | ||
| 050 | _aRC 71.H57 2011 | ||
| 100 | _aHIRA SINGH HARMANJIT | ||
| 245 | _aCLINICAL EXAMINATION;A PRACTICAL GUIDE IN MEDICINE | ||
| 260 |
_aNEW DELHI _bJAYPEE BROTHERS MEDICAL PUBLISHERS _c2011 |
||
| 300 | _aX,515 | ||
| 500 | _aINCLUDES AN INDEX | ||
| 700 | _aPhysical diagnosis textbooks-clinical medicine textbooks | ||
| 942 |
_2lcc _cBK |
||
| 999 |
_c216842 _d216842 |
||